Từ xưng hô trong truyện dài Nguyễn Nhật Ánh : Luận văn Thạc sĩ. Chuyên ngành Văn học Việt Nam
Nghiên cứu những kiến thức về ngôn ngữ vào việc khai thác, khám phá những nét nổi bật về phương diện sử dụng từ xưng hô trong tác phẩm Nguyễn Nhật Ánh. Qua việc nghiên cứu đề tài, người viết có thể bổ sung, nâng cao thêm những kie...
محفوظ في:
| المؤلف الرئيسي: | |
|---|---|
| التنسيق: | كتاب |
| اللغة: | Undetermined |
| منشور في: |
Cần Thơ
Trường Đại học Cần Thơ
2019
|
| الموضوعات: | |
| الوسوم: |
إضافة وسم
لا توجد وسوم, كن أول من يضع وسما على هذه التسجيلة!
|
| Thư viện lưu trữ: | Trung tâm Học liệu Trường Đại học Cần Thơ |
|---|
| LEADER | 01481nam a2200229Ia 4500 | ||
|---|---|---|---|
| 001 | CTU_232544 | ||
| 008 | 210402s9999 xx 000 0 und d | ||
| 082 | |a 895.9223009 | ||
| 082 | |b Ng121 | ||
| 088 | |a 8220121 | ||
| 100 | |a Lê, Thị Kim Ngân | ||
| 245 | 0 | |a Từ xưng hô trong truyện dài Nguyễn Nhật Ánh : | |
| 245 | 0 | |b Luận văn Thạc sĩ. Chuyên ngành Văn học Việt Nam | |
| 245 | 0 | |c Lê Thị Kim Ngân ; Nguyễn Văn Nở (Cán bộ hướng dẫn) | |
| 260 | |a Cần Thơ | ||
| 260 | |b Trường Đại học Cần Thơ | ||
| 260 | |c 2019 | ||
| 520 | |a Nghiên cứu những kiến thức về ngôn ngữ vào việc khai thác, khám phá những nét nổi bật về phương diện sử dụng từ xưng hô trong tác phẩm Nguyễn Nhật Ánh. Qua việc nghiên cứu đề tài, người viết có thể bổ sung, nâng cao thêm những kiến thức về mảng từ xưng hô đồng thời có thể tìm hiểu thêm về văn phong, lối dùng từ trong đó có việc vận dụng từ xưng hô khi xây dựng hình tượng nhân vật. | ||
| 650 | |a Vietnamese fiction,Tiểu thuyết Việt Nam | ||
| 650 | |x History and criticism,Lịch sử và phê bình | ||
| 910 | |b nthai | ||
| 980 | |a Trung tâm Học liệu Trường Đại học Cần Thơ | ||